| 000 | nam a22 a 4500 | ||
|---|---|---|---|
| 999 |
_c464270 _d464270 |
||
| 003 | BLK | ||
| 005 | 20220810131528.0 | ||
| 008 | 180412b bul rap|r|||| r0| ||bulo| | ||
| 010 | _aKNG00020145000 | ||
| 020 | _a9548853124 | ||
| 040 | _aBLK | ||
| 041 |
_aBUL _cBUL _hDEU |
||
| 080 |
_aИстория на архитектурата (Периоди и фази). Художествени стилове, направления и влияния(Подразделя се като 7. 03) _b72.03 _x(497.223)(091) _z72.03(497.223)(091) |
||
| 139 | _aАвстрийски архитектурни влияния в София | ||
| 245 | 1 | 0 |
_aАвстрийски архитектурни влияния в София _bКрая на XIX - началото на XX век _cсъстав. Георги Коцев и др.; прев. Катя Георгиева и др. |
| 246 | 1 | 1 | _aÖsterreichische Architektur Einflüsse in Sofia um due Jahrhundertwende |
| 250 | _a2. прераб. и доп. изд. | ||
| 257 | _aBGR | ||
| 260 |
_bМузей за история на София _c1998 _aСофия |
||
| 300 |
_a100 с. _bс ил. _c22X23 см |
||
| 380 | _a7 | ||
| 500 | _aДвуезичен каталог (бълг. и нем. ез.) от едноименната изложба, представена в София - 1997 г., Виена - 1998 г., Прага - 2000 г. - Др. авт. и състав: Георги Царев, Любинка Стоилова, Петър Йокимов, Марчелла Щерн, Дитер Клайн, Стоян Христов; 1. изд. 1997. | ||
| 650 | 0 |
_aСецесион - България - изложби, каталози _9351305 |
|
| 650 | 0 |
_aАрхитектура, българска - София - албуми _9351289 |
|
| 650 | 0 |
_aАрхитектура - Австрия _9477290 |
|
| 653 | _aсецесион | ||
| 653 | _aСофия | ||
| 700 |
_aКоцев, Георги Костов _eсъстав. _91478 |
||
| 700 |
_aГеоргиева, Катя _eпрев. на нем. _9999 |
||
| 852 | _bО | ||
| 856 | 4 |
_qpdf _u |
|
| 856 | 4 |
_qpdf _u |
|
| 942 |
_cKNG _n0 _s1 |
||
| 944 | _kТД | ||
| 999 | _d464270 | ||
| 999 | _d464270 | ||
| 999 | _d464270 | ||
| 999 | _d464270 | ||